| 000 | 00901cam a22002897a 4500 | ||
|---|---|---|---|
| 003 | CHAP | ||
| 005 | 20220329132939.0 | ||
| 008 | 971013s1987 r 00010 d | ||
| 010 | _a559 | ||
| 011 | _a1531 | ||
| 035 | _a707 | ||
| 040 | _cCHAP | ||
| 082 |
_a361.51 _bN3 |
||
| 100 | 0 | 0 |
_aNava, Alejandro. _980493 |
| 245 | 0 | _aTerremotos | |
| 260 |
_aMéxico, D. F. : _bFondo de Cultura Económica, _c1987 |
||
| 300 |
_a157 p. _b: ilus. ; gráfs. |
||
| 490 | 3 |
_aLa ciencia desde México _v; 34 |
|
| 590 |
_aBATCH-UPD _b10 _c20130110 _lUCH01 _h1208 |
||
| 590 |
_aCONVERSION _b10 _c20130109 _lUCH01 _h1302 |
||
| 650 | 1 | 4 |
_aTerremotos. _9112423 |
| 830 | 3 |
_aLa ciencia desde México _v; 34 _964199 |
|
| 901 | _aBK | ||
| 942 | _cLIBRO | ||
| 949 |
_a361.51 N3 _bBC _cLIBRO _d33724000377776 _eLIBRO _fc.2 _h83872 _i707 _si _t300.00 |
||
| 949 |
_a361.51 N3 _bBC _cLIBRO _d33724000377800 _eLIBRO _gI. c/e _h77665 _i707 _si _t300.00 |
||
| 999 |
_c559 _d559 |
||